[Event "98th YMCA Autumn C"]
[Site "Warszawa"]
[Date "2011.11.15"]
[Round "8"]
[White "Sawicki, Wojciech"]
[Black "Harazinska, Ewa"]
[Result "0-1"]
[WhiteElo "1759"]
[BlackElo "1798"]
[PlyCount "36"]
[EventDate "2011.09.20"]
[EventType "tourn"]
[EventRounds "1"]
[EventCountry "POL"]
[SourceDate "2011.09.20"]

1. e4 c5 2. d4 cxd4 3. c3 dxc3 4. Nxc3 d6 5. Nf3 Nc6 6. Bc4 a6 7. Bg5 Qa5 8.
O-O Nf6 9. Bxf6 gxf6 10. Nd4 e6 11. Nb3 Qg5 12. f4 Qh4 13. Nd4 Nxd4 14. Qxd4
Be7 15. Qb6 Rg8 16. Rad1 Rg6 17. Rd3 Kf8 18. Rh3 Qxh3 0-1

[Event "98th YMCA Autumn C"]
[Site "Warszawa"]
[Date "2011.11.17"]
[Round "8"]
[White "Prus, Marek"]
[Black "Kurowski, Andrzej"]
[Result "1/2-1/2"]
[WhiteElo "1782"]
[BlackElo "1844"]
[Annotator "M"]
[PlyCount "22"]
[EventDate "2011.09.20"]
[EventType "tourn"]
[EventRounds "1"]
[EventCountry "POL"]
[SourceDate "2011.09.20"]

1. e4 e6 2. Nf3 d5 3. e5 c5 4. b4 cxb4 5. a3 Nc6 6. axb4 Bxb4 7. c3 Ba5 8. d4
Nge7 9. Bd3 O-O 10. O-O h6 11. Nh4 Nf5 $11 1/2-1/2

[Event "98th YMCA Autumn C"]
[Site "Warszawa"]
[Date "2011.11.18"]
[Round "8"]
[White "Szukalski, Antoni"]
[Black "Szelejewski, Jan"]
[Result "0-1"]
[WhiteElo "1846"]
[BlackElo "1826"]
[Annotator "M"]
[PlyCount "88"]
[EventDate "2011.09.20"]
[EventType "tourn"]
[EventRounds "1"]
[EventCountry "POL"]
[SourceDate "2011.09.20"]

1. d4 d5 2. c4 c6 3. e3 Nf6 4. Nc3 e6 5. Nf3 Nbd7 6. Bd3 dxc4 7. Bxc4 b5 8. Bd3
b4 9. Ne2 c5 10. b3 Bb7 11. Ng3 Rc8 12. Bb2 Be7 13. O-O O-O 14. Rc1 Qa5 15. Bb1
Rfd8 16. Nd2 cxd4 17. Rxc8 Rxc8 18. Bxd4 Qd5 19. f3 Bc5 20. Bxc5 Qxc5 21. Re1
Nb6 22. Kf2 Nbd5 23. Nge4 Nxe4+ 24. Nxe4 Qb6 25. g4 f5 26. gxf5 exf5 27. Ng3
Nxe3 28. Rxe3 f4 29. Qd3 Qxe3+ 30. Qxe3 fxe3+ 31. Kxe3 Rc1 32. Bd3 Ra1 33. Bc4+
Kf8 34. h4 Rxa2 35. Ne2 Ke7 36. Nd4 h6 37. Nf5+ Kf6 38. Ng3 Rh2 39. Nh5+ Kg6
40. Nf4+ Kf5 41. Bd3+ Ke5 42. h5 Bd5 43. Bg6 a5 44. Nd3+ Kd6 $11 0-1

[Event "98th YMCA Autumn C"]
[Site "Warszawa"]
[Date "2011.11.22"]
[Round "9"]
[White "Maciejewski, Andrzej"]
[Black "Szukalski, Antoni"]
[Result "1-0"]
[WhiteElo "1772"]
[BlackElo "1846"]
[PlyCount "95"]
[EventDate "2011.09.20"]
[EventType "tourn"]
[EventRounds "1"]
[EventCountry "POL"]
[SourceDate "2011.09.20"]

1. e4 e5 2. Nf3 Nc6 3. Bb5 a6 4. Ba4 Nf6 5. O-O b5 6. Bb3 Be7 7. Re1 d6 8. h3
O-O 9. a4 Bb7 10. c3 Na5 11. Bc2 c5 12. d4 cxd4 13. cxd4 Nc6 14. Nc3 b4 15. Nd5
a5 16. Be3 Re8 17. dxe5 Nxd5 18. Qxd5 dxe5 19. Bb3 Rf8 20. Nxe5 Qxd5 21. Bxd5
Nxe5 22. Bxb7 Rab8 23. Bd5 Nd3 24. Red1 Nc5 25. b3 Rfd8 26. Rac1 Rdc8 27. Rc4
Ne6 28. Rdc1 Rxc4 29. Rxc4 Kf8 30. Ba7 Re8 31. Bb6 Bd8 32. Bxd8 Rxd8 33. Rc6
Nf4 34. Rc5 Nxd5 35. exd5 Ra8 36. Kf1 Ke7 37. Ke2 Kd6 38. Rb5 Rc8 39. Ke3 Rc3+
40. Ke4 Rxb3 41. Rxa5 Rb2 42. Ra6+ Kd7 43. Ra7+ Ke8 44. a5 Ra2 45. a6 b3 46.
Kd3 Ra5 47. Kc3 Rxd5 48. Rb7 1-0

[Event "98th YMCA Autumn C"]
[Site "Warszawa"]
[Date "2011.11.22"]
[Round "9"]
[White "Kurowski, Andrzej"]
[Black "Wrabel, Antoni"]
[Result "0-1"]
[WhiteElo "1844"]
[BlackElo "1717"]
[Annotator "M"]
[PlyCount "64"]
[EventDate "2011.09.20"]
[EventType "tourn"]
[EventRounds "1"]
[EventCountry "POL"]
[SourceDate "2011.09.20"]

1. Nf3 Nf6 2. c4 e6 3. d4 b6 4. Nc3 Bb7 5. a3 Be7 6. Qc2 O-O 7. e4 d6 8. Bd3 h6
9. O-O Nbd7 10. h3 e5 11. Be3 exd4 12. Nxd4 Ne5 13. Be2 Ba6 14. b3 Re8 15. f4
Ng6 16. Nc6 Qd7 17. e5 Bf8 18. Bf3 Nh4 19. Nb4 Nxf3+ 20. Rxf3 Bb7 21. Rg3 dxe5
22. fxe5 Rxe5 23. Bxh6 $11 Rae8 24. Qd2 Qxd2 25. Bxd2 Ne4 26. Nxe4 Rxe4 27. Kf1
a5 28. Nd3 a4 29. Nf2 Re2 30. Bb4 axb3 31. Rxb3 Ba6 32. Rc3 c5 0-1

[Event "98th YMCA Autumn C"]
[Site "Warszawa"]
[Date "2011.11.25"]
[Round "9"]
[White "Harazinska, Ewa"]
[Black "Prus, Marek"]
[Result "1-0"]
[WhiteElo "1798"]
[BlackElo "1782"]
[PlyCount "71"]
[EventDate "2011.09.20"]
[EventType "tourn"]
[EventRounds "1"]
[EventCountry "POL"]
[SourceDate "2011.09.20"]

1. d4 Nf6 2. c4 g6 3. Nc3 Bg7 4. e4 d6 5. Nf3 O-O 6. Be2 e5 7. O-O Nc6 8. d5
Ne7 9. b4 a5 10. Ba3 b6 11. bxa5 Rxa5 12. Bb4 Ra8 13. a4 Ne8 14. Qb3 f5 15. Nd2
Bh6 16. Rfd1 fxe4 17. Ndxe4 Nf5 18. Nb5 Qh4 19. g3 Qd8 20. a5 bxa5 21. Rxa5
Rxa5 22. Bxa5 Bd7 23. Bc3 Nf6 24. Bf3 Nxe4 25. Bxe4 Nh4 26. gxh4 Qxh4 27. Qc2
Bf4 28. f3 Be3+ 29. Kh1 g5 30. Qg2 Bf4 31. Be1 Qh5 32. Bg3 Bh3 33. Qg1 g4 34.
Bxf4 exf4 35. fxg4 Bxg4 36. Bf3 1-0

[Event "98th YMCA Autumn C"]
[Site "Warszawa"]
[Date "2011.11.22"]
[Round "9"]
[White "Koziol, Pawel"]
[Black "Sawicki, Wojciech"]
[Result "0-1"]
[WhiteElo "1809"]
[BlackElo "1759"]
[PlyCount "86"]
[EventDate "2011.09.20"]
[EventType "tourn"]
[EventRounds "1"]
[EventCountry "POL"]
[SourceDate "2011.09.20"]

1. g3 Nf6 2. Bg2 g6 3. e4 d6 4. d4 Bg7 5. Nc3 O-O 6. Nge2 c5 7. dxc5 dxc5 8.
Qxd8 Rxd8 9. Be3 Na6 10. h3 Nb4 11. Rc1 Nd7 12. O-O Nc6 13. Rfd1 b6 14. e5 Bb7
15. f4 Nf8 16. Nd5 Rd7 17. Nec3 Rad8 18. Bf2 Ne6 19. Ne3 Ncd4 20. Bxb7 Rxb7 21.
Kg2 Rbd7 22. Ne4 Nxc2 23. Rxd7 Nxe3+ 24. Bxe3 Rxd7 25. a4 Rd3 26. Kf2 Nd4 27.
b4 Nf5 28. Bd2 Nxg3 29. Nxg3 Rxd2+ 30. Ke3 Rd5 31. Ne4 cxb4 32. Rc8+ Bf8 33.
Rc7 a5 34. Nd2 e6 35. Ne4 Bc5+ 36. Kf3 b3 37. Nf6+ Kg7 38. Rc8 Rd3+ 39. Ke2
Re3+ 40. Kd2 b2 41. Rg8+ Kh6 42. Rh8 g5 43. Ng4+ Kg7 0-1

[Event "98th YMCA Autumn C"]
[Site "Warszawa"]
[Date "2011.11.22"]
[Round "9"]
[White "Kwiek, Janusz"]
[Black "Palka, Dominika"]
[Result "1/2-1/2"]
[WhiteElo "1750"]
[BlackElo "1793"]
[PlyCount "66"]
[EventDate "2011.09.20"]
[EventType "tourn"]
[EventRounds "1"]
[EventCountry "POL"]
[SourceDate "2011.09.20"]

1. Nf3 Nf6 2. d4 g6 3. c4 Bg7 4. Nc3 O-O 5. e4 d6 6. Be2 Nbd7 7. O-O e5 8. dxe5
dxe5 9. Qc2 c6 10. Rd1 Qc7 11. b3 Re8 12. Ba3 Bf8 13. Bxf8 Nxf8 14. Rd3 Ne6 15.
Rad1 Nf4 16. R3d2 Bd7 17. Qc1 Bg4 18. Kf1 Nxe2 19. Kxe2 Nh5 20. Kf1 Bxf3 21.
gxf3 Rad8 22. Ne2 Qe7 23. Rd3 Rxd3 24. Rxd3 Rd8 25. Qd2 Rxd3 26. Qxd3 Qh4 27.
Kg2 Qg5+ 28. Kh1 Nf4 29. Nxf4 Qxf4 30. Kg2 Qg5+ 31. Kh1 Qf4 32. Kg2 Qg5+ 33.
Kh1 Qf4 1/2-1/2

[Event "98th YMCA Autumn C"]
[Site "Warszawa"]
[Date "2011.11.22"]
[Round "9"]
[White "Chomczyk, Marek"]
[Black "Krzyzanowski, Antoni"]
[Result "1-0"]
[WhiteElo "1727"]
[BlackElo "1743"]
[PlyCount "67"]
[EventDate "2011.09.20"]
[EventType "tourn"]
[EventRounds "1"]
[EventCountry "POL"]
[SourceDate "2011.09.20"]

1. e4 e6 2. d4 d5 3. exd5 exd5 4. Bf4 c5 5. dxc5 Bxc5 6. Bb5+ Nc6 7. Nc3 Nge7
8. Nf3 O-O 9. O-O Bg4 10. Bd3 Nd4 11. Bxh7+ Kh8 12. Bd3 Nxf3+ 13. gxf3 Bh3 14.
Re1 Ng6 15. Bg3 f5 16. f4 Bg4 17. Be2 Bxe2 18. Qxe2 Rf6 19. Rad1 d4 20. Nb1 Qc7
21. Qh5+ Kg8 22. Qf3 Rd8 23. Nd2 d3 24. cxd3 Bd6 25. Rc1 Qb8 26. Rc4 b5 27. Rc6
Ne7 28. Rc2 Rg6 29. Kf1 Kf7 30. Bh4 Rd7 31. Bxe7 Bxe7 32. Re5 Rf6 33. Rc6 Bd6
34. Qh5+ 1-0

[Event "98th YMCA Autumn C"]
[Site "Warszawa"]
[Date "2011.11.29"]
[Round "10"]
[White "Worobiej, Daniel"]
[Black "Krzyzanowski, Antoni"]
[Result "0-1"]
[WhiteElo "1800"]
[BlackElo "1743"]
[PlyCount "42"]
[EventDate "2011.09.20"]
[EventType "tourn"]
[EventRounds "1"]
[EventCountry "POL"]
[SourceDate "2011.09.20"]

1. d4 Nf6 2. c4 e6 3. Nf3 d5 4. Nc3 c6 5. Qc2 Nbd7 6. Bd2 dxc4 7. e4 b5 8. a4
Qb6 9. d5 cxd5 10. exd5 exd5 11. Nxb5 Bc5 12. Bxc4 dxc4 13. Qxc4 O-O 14. O-O
Ba6 15. b4 Bxb5 16. axb5 Be7 17. Rfe1 Rfc8 18. Qh4 Bf8 19. Re3 Qxb5 20. Nd4 Rc4
21. Qxf6 Qd5 0-1

[Event "98th YMCA Autumn C"]
[Site "Warszawa"]
[Date "2011.12.08"]
[Round "10"]
[White "Palka, Dominika"]
[Black "Chomczyk, Marek"]
[Result "0-1"]
[WhiteElo "1793"]
[BlackElo "1727"]
[PlyCount "51"]
[EventDate "2011.09.20"]
[EventType "tourn"]
[EventRounds "1"]
[EventCountry "POL"]
[SourceDate "2011.09.20"]

1. d4 d5 2. c4 e6 3. Nc3 Nf6 4. cxd5 exd5 5. Bg5 Be7 6. e3 O-O 7. Bd3 h6 8. Bh4
c6 9. Nge2 Re8 10. O-O Nbd7 11. f3 c5 12. Rc1 a6 13. Bb1 c4 14. Qc2 g6 15. e4
dxe4 16. fxe4 b5 17. e5 Ng4 18. e6 f5 19. exd7 Qxd7 20. Bf2 Bg5 21. Rce1 Nxf2
22. Rxf2 Be3 23. Ref1 Bxf2+ 24. Rxf2 Bb7 25. Qd2 b4 26. Nd1 0-1

[Event "98th YMCA Autumn C"]
[Site "Warszawa"]
[Date "2011.11.29"]
[Round "10"]
[White "Sawicki, Wojciech"]
[Black "Kwiek, Janusz"]
[Result "1-0"]
[WhiteElo "1759"]
[BlackElo "1750"]
[PlyCount "63"]
[EventDate "2011.09.20"]
[EventType "tourn"]
[EventRounds "1"]
[EventCountry "POL"]
[SourceDate "2011.09.20"]

1. e4 c5 2. d4 cxd4 3. c3 dxc3 4. Nxc3 Nc6 5. Nf3 d6 6. Bc4 e6 7. O-O Be7 8.
Qe2 Nf6 9. Rd1 Bd7 10. Bg5 O-O 11. Bxf6 Bxf6 12. Rxd6 Qc8 13. Rad1 Rd8 14. e5
Be7 15. R6d2 Bb4 16. Qe4 Ne7 17. Bb5 Nc6 18. Bxc6 Bxc3 19. Rxd7 Rxd7 20. Bxd7
Qc7 21. bxc3 Rd8 22. Ba4 Rxd1+ 23. Bxd1 h6 24. Qd4 Qa5 25. Bc2 g6 26. Bb3 Qa3
27. h3 a5 28. Qd8+ Kg7 29. Qf6+ Kg8 30. Nd4 Qc1+ 31. Kh2 Qxc3 32. Nxe6 1-0

[Event "98th YMCA Autumn C"]
[Site "Warszawa"]
[Date "2011.12.01"]
[Round "10"]
[White "Prus, Marek"]
[Black "Koziol, Pawel"]
[Result "0-1"]
[WhiteElo "1782"]
[BlackElo "1809"]
[PlyCount "65"]
[EventDate "2011.09.20"]
[EventType "tourn"]
[EventRounds "1"]
[EventCountry "POL"]
[SourceDate "2011.09.20"]

1. e4 e5 2. Nf3 Nc6 3. Bb5 a6 4. Ba4 Nf6 5. O-O Be7 6. c3 Nxe4 7. Re1 Nf6 8.
Nxe5 Nxe5 9. Rxe5 O-O 10. d4 d5 11. h3 Ne4 12. f3 Nf6 13. Bg5 h6 14. Bh4 Bd6
15. Bxf6 Qxf6 16. Rxd5 c6 17. Rxd6 Qxd6 18. Nd2 Bf5 19. Nc4 Qg3 20. Nb6 Bxh3
21. Qf1 Rad8 22. Bc2 Rfe8 23. Nc4 Be6 24. Nd2 Qf4 25. Qd3 f5 26. Nf1 g6 27. Re1
Bf7 28. Rxe8+ Rxe8 29. g4 fxg4 30. fxg4 Qxg4+ 31. Qg3 Qxg3+ 32. Nxg3 Kg7 33.
Kf2 0-1

[Event "98th YMCA Autumn C"]
[Site "Warszawa"]
[Date "2011.11.28"]
[Round "10"]
[White "Wrabel, Antoni"]
[Black "Harazinska, Ewa"]
[Result "1/2-1/2"]
[WhiteElo "1717"]
[BlackElo "1798"]
[Annotator "M"]
[PlyCount "69"]
[EventDate "2011.09.20"]
[EventType "tourn"]
[EventRounds "1"]
[EventCountry "POL"]
[SourceDate "2011.09.20"]

1. e4 c5 2. Nf3 d6 3. d4 cxd4 4. Nxd4 Nf6 5. Nc3 a6 6. Be2 e6 7. O-O Be7 8. Be3
O-O 9. Qd2 b5 10. f3 Bb7 11. Nd1 Nbd7 12. c4 bxc4 13. Bxc4 d5 14. exd5 Nxd5 15.
Bxd5 Bxd5 16. Nc3 Bb7 17. Rfd1 Nb6 18. Qf2 Nd5 19. Nxd5 $11 Qxd5 20. Nb3 Qb5
21. Bc5 Bxc5 22. Qxc5 Bd5 23. Qxb5 axb5 24. Nd4 Rxa2 25. Rxa2 $11 Bxa2 26. Nxb5
h6 27. Nc3 Bb3 28. Rd2 Rb8 29. Kf2 Kf8 30. Ne4 Rb5 31. Rd7 e5 32. Nd6 Rb8 33.
Rb7 Rxb7 34. Nxb7 Ke7 35. Nc5 $11 1/2-1/2

[Event "98th YMCA Autumn C"]
[Site "Warszawa"]
[Date "2011.11.28"]
[Round "10"]
[White "Szukalski, Antoni"]
[Black "Kurowski, Andrzej"]
[Result "1/2-1/2"]
[WhiteElo "1846"]
[BlackElo "1844"]
[Annotator "M"]
[PlyCount "44"]
[EventDate "2011.09.20"]
[EventType "tourn"]
[EventRounds "1"]
[EventCountry "POL"]
[SourceDate "2011.09.20"]

1. e4 e6 2. d4 d5 3. exd5 exd5 4. Nf3 Bd6 5. Nc3 Ne7 6. h3 Bf5 7. Bd3 c6 8. Be3
O-O 9. Qd2 Nd7 10. O-O Nf6 11. Rfe1 Qc7 12. Bg5 Bxd3 13. Qxd3 Nh5 14. Ne2 Ng6
15. c3 Rfe8 16. Rad1 Re6 17. Nc1 Rae8 18. Rxe6 Rxe6 19. Re1 Rxe1+ 20. Nxe1 Bf4
21. Bxf4 Nhxf4 22. Qe3 Qe7 $11 1/2-1/2

[Event "98th YMCA Autumn C"]
[Site "Warszawa"]
[Date "2011.11.29"]
[Round "10"]
[White "Szelejewski, Jan"]
[Black "Maciejewski, Andrzej"]
[Result "1-0"]
[WhiteElo "1826"]
[BlackElo "1772"]
[PlyCount "87"]
[EventDate "2011.09.20"]
[EventType "tourn"]
[EventRounds "1"]
[EventCountry "POL"]
[SourceDate "2011.09.20"]

1. e4 c5 2. Nf3 Nc6 3. d4 cxd4 4. Nxd4 g6 5. c4 Bg7 6. Be3 d6 7. Nc3 Nf6 8. Be2
Bd7 9. Nc2 O-O 10. Qd2 Rc8 11. f3 Ne5 12. b3 Qa5 13. Rc1 a6 14. Nd5 Qxd2+ 15.
Kxd2 Nxd5 16. cxd5 b5 17. h3 f5 18. Nd4 f4 19. Bf2 g5 20. Rxc8 Rxc8 21. Rc1
Rxc1 22. Kxc1 h5 23. Kc2 g4 24. fxg4 hxg4 25. hxg4 Bxg4 26. Bxg4 Nxg4 27. Bg1
Kf7 28. Ne6 Bh6 29. Nc7 Ne3+ 30. Bxe3 fxe3 31. Kd3 Kf6 32. Nxa6 Ke5 33. Nc7 e2
34. Kxe2 Kxe4 35. a4 bxa4 36. bxa4 Be3 37. a5 Bc5 38. a6 Bb6 39. Nb5 Kxd5 40.
a7 Bxa7 41. Nxa7 e6 42. Nb5 Ke5 43. Kf3 Kf5 44. Nxd6+ 1-0

[Event "98th YMCA Autumn C"]
[Site "Warszawa"]
[Date "2011.12.06"]
[Round "11"]
[White "Maciejewski, Andrzej"]
[Black "Worobiej, Daniel"]
[Result "1/2-1/2"]
[WhiteElo "1772"]
[BlackElo "1800"]
[PlyCount "33"]
[EventDate "2011.09.20"]
[EventType "tourn"]
[EventRounds "1"]
[EventCountry "POL"]
[SourceDate "2011.09.20"]

1. e4 c5 2. Nc3 Nc6 3. g3 g6 4. Bg2 Bg7 5. d3 e6 6. f4 Nge7 7. Nf3 O-O 8. O-O
d5 9. Re1 Nd4 10. Ne2 Nxf3+ 11. Bxf3 b5 12. Rb1 Bb7 13. Be3 Qc7 14. c3 dxe4 15.
dxe4 f5 16. Qc2 Qc6 17. Bg2 1/2-1/2

[Event "98th YMCA Autumn C"]
[Site "Warszawa"]
[Date "2011.12.06"]
[Round "11"]
[White "Kurowski, Andrzej"]
[Black "Szelejewski, Jan"]
[Result "1/2-1/2"]
[WhiteElo "1844"]
[BlackElo "1826"]
[PlyCount "62"]
[EventDate "2011.09.20"]
[EventType "tourn"]
[EventRounds "1"]
[EventCountry "POL"]
[SourceDate "2011.09.20"]

1. Nf3 d5 2. d4 c6 3. c4 Nf6 4. Nc3 e6 5. Bg5 h6 6. Bxf6 Qxf6 7. e3 Nd7 8. Bd3
dxc4 9. Bxc4 g6 10. O-O Bg7 11. b4 O-O 12. Qb3 Nb6 13. Bd3 Rd8 14. a4 Qe7 15.
Ne4 Nd5 16. Rab1 a5 17. b5 Nb4 18. Be2 Bd7 19. Ne5 Be8 20. bxc6 bxc6 21. Nc4
Bf8 22. Nc5 Rdb8 23. Qd1 Qg5 24. f4 Qd8 25. Qd2 Bxc5 26. dxc5 Qxd2 27. Nxd2 Nd5
28. Nc4 Nc3 29. Rxb8 Rxb8 30. Bf3 Nxa4 31. Nxa5 Nxc5 1/2-1/2

[Event "98th YMCA Autumn C"]
[Site "Warszawa"]
[Date "2011.12.06"]
[Round "11"]
[White "Harazinska, Ewa"]
[Black "Szukalski, Antoni"]
[Result "1-0"]
[WhiteElo "1798"]
[BlackElo "1846"]
[PlyCount "75"]
[EventDate "2011.09.20"]
[EventType "tourn"]
[EventRounds "1"]
[EventCountry "POL"]
[SourceDate "2011.09.20"]

1. d4 d5 2. c4 e6 3. Nc3 Nf6 4. cxd5 exd5 5. Bg5 Be7 6. Qc2 Nbd7 7. e3 O-O 8.
Bd3 c6 9. Nge2 Re8 10. O-O Nf8 11. Rad1 Nh5 12. Bxe7 Qxe7 13. e4 dxe4 14. Bxe4
Nf6 15. Bf3 Be6 16. Rfe1 Nd5 17. Ng3 Qd7 18. Nce4 b6 19. Qd2 Bg4 20. Ng5 Bxf3
21. Nxf3 Rxe1+ 22. Rxe1 Re8 23. Ne5 Qe6 24. Ne4 f6 25. Nc4 Qd7 26. f3 Re6 27.
a3 Qe7 28. Rc1 h6 29. Ng3 Kf7 30. Nf5 Qd7 31. Qf2 Ng6 32. g3 Nge7 33. Nxe7 Qxe7
34. Kf1 Qe8 35. Qd2 Qe7 36. Kf2 Qe8 37. Re1 Rxe1 38. Nd6+ 1-0

[Event "98th YMCA Autumn C"]
[Site "Warszawa"]
[Date "2011.12.06"]
[Round "11"]
[White "Koziol, Pawel"]
[Black "Wrabel, Antoni"]
[Result "1-0"]
[WhiteElo "1809"]
[BlackElo "1717"]
[PlyCount "117"]
[EventDate "2011.09.20"]
[EventType "tourn"]
[EventRounds "1"]
[EventCountry "POL"]
[SourceDate "2011.09.20"]

1. e4 e5 2. Nf3 Nc6 3. Bb5 Nge7 4. O-O a6 5. Ba4 b5 6. Bb3 Ng6 7. d4 exd4 8.
Ng5 Nge5 9. f4 Nc4 10. c3 Be7 11. cxd4 O-O 12. Qh5 Bxg5 13. fxg5 Nxd4 14. Bxc4
bxc4 15. Nc3 Bb7 16. Rf4 Qe7 17. Rh4 h6 18. gxh6 g6 19. Bg5 gxh5 20. Bxe7 Rfe8
21. Bf6 Nb5 22. Rxh5 Kh7 23. e5 Re6 24. Ne2 Rb6 25. Rf1 Be4 26. Ng3 Bd3 27. Rf2
c3 28. bxc3 Nxc3 29. h3 Rg8 30. Bg7 Bg6 31. Rh4 Rb1+ 32. Kh2 Rgb8 33. Rc4 Nd5
34. Rd4 c6 35. Rdd2 R8b4 36. Nf5 a5 37. Nd6 Rf4 38. Rxf4 Nxf4 39. Ne8 Nh5 40.
Rxd7 Nxg7 41. hxg7 Rb8 42. Nd6 Kxg7 43. Nxf7 Bxf7 44. e6 Rf8 45. Kg1 Kg6 46.
exf7 Rc8 47. Kf2 c5 48. Ke3 c4 49. Kd2 Kf6 50. Kc3 Ke6 51. Ra7 Kf6 52. a4 Kg7
53. h4 Kf8 54. g4 Rc5 55. g5 Kg7 56. Rd7 Rf5 57. Kxc4 Rf4+ 58. Rd4 Rxf7 59. h5
1-0

[Event "98th YMCA Autumn C"]
[Site "Warszawa"]
[Date "2011.12.09"]
[Round "11"]
[White "Kwiek, Janusz"]
[Black "Prus, Marek"]
[Result "0-1"]
[WhiteElo "1750"]
[BlackElo "1782"]
[PlyCount "146"]
[EventDate "2011.09.20"]
[EventType "tourn"]
[EventRounds "1"]
[EventCountry "POL"]
[SourceDate "2011.09.20"]

1. Nf3 Nf6 2. d4 g6 3. c4 Bg7 4. Nc3 d6 5. e4 O-O 6. Be2 e5 7. O-O Nc6 8. d5
Ne7 9. Be3 Ng4 10. Bg5 f6 11. Bd2 f5 12. h3 Nh6 13. Qc1 Nf7 14. Kh2 f4 15. g3
g5 16. gxf4 gxf4 17. Rg1 Ng6 18. Qf1 Kh8 19. Qg2 Bf6 20. Kh1 Rg8 21. Nh2 Nh6
22. Qf3 Qd7 23. Ng4 Nxg4 24. Qxg4 Qe7 25. Qh5 Bh4 26. Qf3 Bd7 27. Rg2 Raf8 28.
Rag1 Qf6 29. Kh2 Rf7 30. Qh5 Rfg7 31. Qf3 c6 32. b4 Ne7 33. Rxg7 Rxg7 34. Rxg7
Kxg7 35. b5 Qh6 36. Qg2+ Ng6 37. Bg4 Bxg4 38. Qxg4 Bxf2 39. bxc6 bxc6 40. dxc6
Qh4 41. Qxh4 Bxh4 42. c7 Ne7 43. Kg2 Nc8 44. a4 Kf7 45. a5 Ke7 46. a6 Kd7 47.
Nb5 Kc6 48. Bb4 Be7 49. Kf3 h5 50. Ke2 Kb6 51. Be1 Kxa6 52. Bf2 Kb7 53. Bxa7
Nxa7 54. Nxa7 Kxc7 55. Nb5+ Kb6 56. Nc3 Kc5 57. Kd3 Bh4 58. Na4+ Kb4 59. Nb6
Bf2 60. Nd5+ Kb3 61. Nf6 h4 62. Ne8 Bc5 63. Ng7 f3 64. Nf5 f2 65. Ke2 Kxc4 66.
Nxh4 Kd4 67. Nf3+ Kxe4 68. Nh2 Kf4 69. Nf1 e4 70. Nd2 d5 71. Nb3 Bb6 72. Nd2
Kg3 73. Nb1 Kxh3 0-1

[Event "98th YMCA Autumn C"]
[Site "Warszawa"]
[Date "2011.12.06"]
[Round "11"]
[White "Chomczyk, Marek"]
[Black "Sawicki, Wojciech"]
[Result "0-1"]
[WhiteElo "1727"]
[BlackElo "1759"]
[PlyCount "98"]
[EventDate "2011.09.20"]
[EventType "tourn"]
[EventRounds "1"]
[EventCountry "POL"]
[SourceDate "2011.09.20"]

1. e4 e5 2. Nf3 Nc6 3. Bc4 Nf6 4. d3 Be7 5. O-O O-O 6. Re1 d6 7. c3 Na5 8. Bb5
a6 9. Ba4 b5 10. Bc2 c5 11. d4 Qc7 12. a4 Bg4 13. Qd3 Bxf3 14. gxf3 b4 15. d5
c4 16. Qe2 b3 17. Bd1 Nd7 18. Qf1 f5 19. Qh3 Nc5 20. Be2 fxe4 21. fxe4 Nxe4 22.
Be3 Bg5 23. Bxg5 Nxg5 24. Qg2 Qc5 25. Rf1 Rf6 26. Kh1 h6 27. h4 Nh7 28. Rg1 Ra7
29. f3 Qxd5 30. Na3 Rf4 31. Qg3 Qd2 32. Rg2 Qd5 33. Qg6 Rxh4+ 34. Rh2 Rxh2+ 35.
Kxh2 Qd2 36. Qg2 Qxb2 37. Nxc4 Qxa1 38. Nxa5 Qxc3 39. Qg6 Nf6 40. Nc4 Qc2 41.
Qg2 b2 42. Nxb2 Kh8 43. Nc4 Qxa4 44. Nxd6 Qf4+ 45. Kh3 g5 46. Qg1 Qd4 47. Qc1
Qxd6 48. Qc8+ Kg7 49. Bc4 Qd7+ 0-1

[Event "98th YMCA Autumn C"]
[Site "Warszawa"]
[Date "2011.12.06"]
[Round "11"]
[White "Krzyzanowski, Antoni"]
[Black "Palka, Dominika"]
[Result "1-0"]
[WhiteElo "1743"]
[BlackElo "1793"]
[PlyCount "57"]
[EventDate "2011.09.20"]
[EventType "tourn"]
[EventRounds "1"]
[EventCountry "POL"]
[SourceDate "2011.09.20"]

1. e4 e5 2. Nf3 Nc6 3. Bc4 Nf6 4. Ng5 d5 5. exd5 Na5 6. Bb5+ c6 7. dxc6 bxc6 8.
Be2 h6 9. Nf3 e4 10. Ne5 Qd4 11. f4 g5 12. c3 Qb6 13. b4 Nb7 14. d4 gxf4 15.
Bxf4 Nd5 16. O-O Be6 17. a4 a5 18. Nxc6 axb4 19. cxb4 Qxc6 20. Bb5 Qxb5 21.
axb5 Rxa1 22. Qc2 Nxf4 23. Qc6+ Kd8 24. Qxb7 Ne2+ 25. Kh1 Nc3 26. Qb6+ Ke8 27.
Qc6+ Bd7 28. Qxc3 Bxb5 29. Re1 1-0

[Event "98th YMCA Autumn C"]
[Site "Warszawa"]
[Date "2011.12.13"]
[Round "12"]
[White "Sawicki, Wojciech"]
[Black "Krzyzanowski, Antoni"]
[Result "1-0"]
[WhiteElo "1759"]
[BlackElo "1743"]
[PlyCount "91"]
[EventDate "2011.09.20"]
[EventType "tourn"]
[EventRounds "1"]
[EventCountry "POL"]
[SourceDate "2011.09.20"]

1. e4 Nf6 2. e5 Nd5 3. d4 d6 4. Nf3 g6 5. Be2 Bg7 6. c4 Nb6 7. exd6 cxd6 8. O-O
O-O 9. Nc3 Bg4 10. b3 Nc6 11. Be3 d5 12. c5 Nc8 13. h3 Bxf3 14. Bxf3 e6 15. Qd2
N8e7 16. Rad1 Nf5 17. Ne2 h6 18. Bg4 Nxe3 19. fxe3 f5 20. Bf3 g5 21. Bh5 Qd7
22. b4 a6 23. a4 Rf6 24. Ra1 Raf8 25. b5 axb5 26. axb5 Ne7 27. Qb4 f4 28. exf4
gxf4 29. Ra7 Nf5 30. c6 Qc8 31. Rxb7 Ne3 32. Qe7 Nf5 33. Qd7 Qxd7 34. Rxd7 Ng3
35. Nxg3 fxg3 36. Bf3 Rf4 37. Rd1 Rxd4 38. Rxg7+ Kxg7 39. Rxd4 Rc8 40. Rg4+ Kf6
41. Rxg3 Ke5 42. Rg7 Kd6 43. Rd7+ Kc5 44. Be2 e5 45. Bg4 Kxb5 46. Rb7+ 1-0

[Event "98th YMCA Autumn C"]
[Site "Warszawa"]
[Date "2011.12.13"]
[Round "12"]
[White "Prus, Marek"]
[Black "Chomczyk, Marek"]
[Result "0-1"]
[WhiteElo "1782"]
[BlackElo "1727"]
[PlyCount "40"]
[EventDate "2011.09.20"]
[EventType "tourn"]
[EventRounds "1"]
[EventCountry "POL"]
[SourceDate "2011.09.20"]

1. e4 e5 2. Nf3 Nc6 3. Bb5 a6 4. Ba4 d6 5. O-O Nf6 6. Re1 Be7 7. d4 b5 8. Bb3
Nxd4 9. Nxd4 exd4 10. e5 dxe5 11. Rxe5 O-O 12. c4 Bd6 13. Re1 Bxh2+ 14. Kxh2
Ng4+ 15. Kg3 Qd6+ 16. f4 Qg6 17. Bc2 f5 18. Qxd4 Ne3+ 19. Kf2 Nxc2 20. Qd5+ Qf7
0-1

[Event "98th YMCA Autumn C"]
[Site "Warszawa"]
[Date "2011.12.13"]
[Round "12"]
[White "Szukalski, Antoni"]
[Black "Koziol, Pawel"]
[Result "1/2-1/2"]
[WhiteElo "1846"]
[BlackElo "1809"]
[Annotator "M"]
[PlyCount "58"]
[EventDate "2011.09.20"]
[EventType "tourn"]
[EventRounds "1"]
[EventCountry "POL"]
[SourceDate "2011.09.20"]

1. d4 Nf6 2. c4 e6 3. Nc3 d5 4. Nf3 Be7 5. Bf4 O-O 6. e3 c5 7. Bd3 Nc6 8. dxc5
Bxc5 9. O-O a6 10. a3 dxc4 11. Bxc4 b5 12. Bd3 Bb7 13. Qc2 Be7 14. Rfd1 Qb6 15.
b4 Rac8 16. Rac1 Rfd8 17. Qb1 h6 18. Ne4 Nxe4 19. Bxe4 Bf6 20. Bd6 Be7 21. Bxe7
Nxe7 22. Bxb7 Qxb7 23. h3 Nd5 24. Rd3 Rxc1+ 25. Qxc1 Rc8 26. Qd2 Qc7 27. Nd4
Qc1+ 28. Qxc1 Rxc1+ 29. Kh2 Rc3 $11 1/2-1/2

[Event "98th YMCA Autumn C"]
[Site "Warszawa"]
[Date "2011.12.13"]
[Round "12"]
[White "Szelejewski, Jan"]
[Black "Harazinska, Ewa"]
[Result "1/2-1/2"]
[WhiteElo "1826"]
[BlackElo "1798"]
[Annotator "M"]
[PlyCount "21"]
[EventDate "2011.09.20"]
[EventType "tourn"]
[EventRounds "1"]
[EventCountry "POL"]
[SourceDate "2011.09.20"]

1. d4 Nf6 2. c4 e6 3. Nc3 Bb4 4. Nf3 O-O 5. e3 d5 6. Bd3 b6 7. O-O dxc4 8. Bxc4
Bb7 9. a3 Bxc3 10. bxc3 Ne4 11. Qc2 $11 1/2-1/2